Statistics for What Fruit / Veg / Nut is this Picture?

Click here to take the quiz!

General Stats

  • This quiz has been taken 75 times
  • The average score is 17 of 28

Answer Stats

Answer % Correct
Potato
97%
Carrot
92%
Strawberry
90%
Lemon
90%
Onion
84%
Nectarine
81%
Broccoli
76%
Pineapple
76%
Blackberry
76%
Cauliflower
73%
Rhubarb
71%
Raspberry
71%
Tomato
70%
Parsnip
70%
Walnut
67%
Pear
65%
Cherry
62%
Brazil Nut
59%
Artichoke
59%
Turnip
57%
Gooseberry
49%
Banana
40%
Durian
33%
Almond
32%
Rambutan
25%
French Beans
24%
Spinach
19%
Pecan
5%

Score Distribution

Percentile by Number Answered

Percent of People with Each Score

Your Score History

You have not taken this quiz